| 000 | 00577nam a22001817a 4500 | ||
|---|---|---|---|
| 003 | SISC | ||
| 005 | 20160308151117.0 | ||
| 008 | 130822t xxu||||| |||| 00| 0 eng d | ||
| 020 | _a9780071627368 | ||
| 050 |
_aPL 1209 _b.C539 2010 |
||
| 082 |
_aHS 495.1 _bC43 2010 |
||
| 245 |
_aChinese pronunciation : _byour comprehensive, interactive guide to mastering sounds and tones in Chinese / |
||
| 260 |
_aNew York : _bMcGraw Hill, _cc2010. |
||
| 300 |
_a154 p. : _bcol. ill. ; _c28 cm. |
||
| 650 |
_aChinese language _xPronunciation _912094 |
||
| 942 |
_2lcc _cBK |
||
| 999 |
_c8999 _d8999 |
||